| 000 | 00378cam a2200145ua 4500 | ||
|---|---|---|---|
| 041 |
_aeng _h |
||
| 082 |
_a820.08 _bWAR/TW |
||
| 100 | _aWard , A C . | ||
| 245 |
_aTwentieth century English literature 1901-1960 / _cA C Ward. _hTextual Documents |
||
| 260 |
_aLondon : _bMethuen and Co. Ltd , _c1964. |
||
| 300 | _a239 ; . | ||
| 504 | _a | ||
| 942 | _cBK | ||
| 999 |
_c5330 _d5330 |
||